000 00576nam a2200217Ia 4500
003 OSt
005 20231107140917.0
008 210210b2004 xxu||||| |||| 00| 0 eng d
020 _a81 203 0834 4
040 _cAL
041 _aEnglish
082 _a621.380414 GOWO
100 _aGOWAR (John).
_9141023
245 _aOptical communication systems.
260 _aND
_bPrentice-Hall of India Private Limited
_c2004
300 _axvi,696
650 _aOptical communications
_9141024
690 _aElectronic Communication
_9141025
906 _a060021
942 _2ddc
_cBK
999 _c107162
_d107162